• 首页
  • 本馆介绍
  • 公告通知
  • 最新文献
  • 馆藏检索
  • 电子资源
  • 读者导购
  • 参考咨询
  • 我的图书馆
  • 登录
  • 详细信息显示
  • 放入我的书架
  • 预约/预借图书
  • 作者相关作品
  • 分类相关作品
  • 丛书相关作品
  • 出版社相关作品

书目信息

  • 表格格式
  • 工作单格式
  • 卡片格式
题名:
幽默改变人生全集
    
 
作者: 田伟 编著
分册:  
出版信息: 哈尔滨   北方文艺出版社  2006
页数: 338页
开本: 23cm
丛书名:
单 册:
中图分类: B83-49
科图分类:
主题词: 幽默--通俗读物 , 幽默
电子资源:
ISBN: 7-5317-2074-4
000 00901nam0 2200265 450
000 00907nam0 2200265 450
000 00838nam0 2200241 450
000 00802nam0 2200229 45
005 20070517084212.92
010    @a7-5317-2074-4@dCNY35.00
100    @a20070308d2006 em y0chiy0120 ea
101 0  @achi
102    @aCN@b230000
105    @ay z 000yy
200 1  @a幽默改变人生全集@Ayou mo gai bian ren sheng quan ji@dHumorous Change Life Complete Works@f田伟编著@zeng
210    @a哈尔滨@c北方文艺出版社@d2006
215    @a338页@d23cm
330    @a本书从情爱幽默、家庭幽默、工作幽默、管理幽默、商战幽默、人际幽默、演讲幽默等诸多方面介绍了幽默的作用和方法技巧。
510 1  @aHumorous Change Life Complete Works@zeng
606 0  @a幽默@x通俗读物
606 0  @a幽默
690    @aB83-49@v4
701  0 @a田伟@Atian wei@4编著
801  0 @aCN@bTAOJIN@c20070517
905    @a10447@dB83-49@e231
    
    幽默改变人生全集=Humorous Change Life Complete Works/田伟编著.-哈尔滨:北方文艺出版社,2006
    338页;23cm
    
    
    ISBN 7-5317-2074-4:CNY35.00
    本书从情爱幽默、家庭幽默、工作幽默、管理幽默、商战幽默、人际幽默、演讲幽默等诸多方面介绍了幽默的作用和方法技巧。
●
相关链接 在E读中查询图书 在五车中查询图书 在当当中查询图书 在豆瓣中查询图书


正题名:幽默改变人生全集     索取号:B83-49/231         预约/预借

序号 登录号 条形码 馆藏地/架位号 状态 备注
1 0520974   205209745   第一样本阅览室/ [索取号:B83-49/231] 在馆    
2 0520975   205209754   第一借阅区/ [索取号:B83-49/231] 在馆    
3 0520976   205209763   第一借阅区/ [索取号:B83-49/231] 在馆    
4 0520977   205209772   第一借阅区/ [索取号:B83-49/231] 在馆    
5 0520978   205209781   第一借阅区/ [索取号:B83-49/231] 在馆    
6 0520979   205209790   第一借阅区/ [索取号:B83-49/231] 在馆    
7 0520980   205209807   第一借阅区/ [索取号:B83-49/231] 在馆    
8 0520981   205209816   第一借阅区/ [索取号:B83-49/231] 在馆    
9 0520982   205209825   第一借阅区/ [索取号:B83-49/231] 在馆    
唐山师范学院图书馆 欢迎您!
大连网信软件有限公司© 版权所有